000
00281nam a2200097Ia 4500
001
907967
005
20250826185044.0
008
250824s9999 xx 000 0 und d
245
0
_a
DİNİ TERİMLER SÖZLÜĞÜ
_c
AHMET NEDİM SERİNSU
260
_b
MİLLİ EĞİTİM BAKANLIĞI YAYINLARI
999
_c
907967
_d
907967